[Event "AUS-ch reserves"]
[Site "Melbourne"]
[Date "2002.01.09"]
[Round "11"]
[White "Cassidy, Kelly"]
[Black "Matelan, Anton"]
[Result "0-1"]
[WhiteElo "1159"]
[BlackElo "1658"]
[PlyCount "61"]
[EventDate "2001.12.28"]
[EventType "swiss"]
[EventRounds "11"]
[EventCountry "AUS"]
[SourceTitle "EXT 2003"]
[Source "ChessBase"]
[SourceDate "2002.11.25"]
[SourceVersion "1"]
[SourceVersionDate "2002.11.25"]
[SourceQuality "1"]

1. e4 e5 2. Nf3 Nc6 3. Bc4 d6 4. h3 Nf6 5. Nc3 h6 6. d3 Na5 7. Bb5+ c6 8. Ba4 b5 9. Bb3 Nxb3 10. axb3 Be7 11. Be3 a6 12. 0-0 0-0 13. Nh2 Nh7 14. Qe2 Bg5 15. Nf3 Bxe3 16. Qxe3 Be6 17. Rfe1 Re8 18. Qd2 Nf6 19. Re2 Nh5 20. Ree1 Qd7 21. Kh1 Rf8 22. Rf1 Nf4 23. Ne2 Ng6 24. Qc3 c5 25. b4 Rfc8 26. bxc5 Rxc5 27. Qd2 Qc8 28. Rac1 f6 29. Nfg1 d5 30. exd5 Bxd5 31. c4 0-1

[Event "AUS-ch reserves"]
[Site "Melbourne"]
[Date "2002.01.03"]
[Round "6"]
[White "Laugery, David"]
[Black "Matelan, Anton"]
[Result "1-0"]
[WhiteElo "1589"]
[BlackElo "1658"]
[PlyCount "71"]
[EventDate "2001.12.28"]
[EventType "swiss"]
[EventRounds "11"]
[EventCountry "AUS"]
[SourceTitle "EXT 2003"]
[Source "ChessBase"]
[SourceDate "2002.11.25"]
[SourceVersion "1"]
[SourceVersionDate "2002.11.25"]
[SourceQuality "1"]

1. e4 e5 2. Nf3 Nc6 3. Bb5 a6 4. Bxc6 dxc6 5. 0-0 Bg4 6. h3 Bh5 7. d3 Bd6 8. Re1 Ne7 9. Be3 0-0 10. Nbd2 f5 11. exf5 Nxf5 12. g4 Nxe3 13. Rxe3 Bf7 14. Qe2 Bd5 15. c4 Bxf3 16. Nxf3 Qf6 17. Nxe5 Qf4 18. Re1 Rad8 19. Re4 Qh6 20. Qe3 Qh4 21. d4 c5 22. dxc5 Bxe5 23. Rxe5 h6 24. Re7 b6 25. cxb6 cxb6 26. Re2 Rd6 27. Re6 Rd7 28. Rxb6 Rdf7 29. Qg3 Qg5 30. Rb8 Kh7 31. Qd3+ g6 32. Rxf8 Rxf8 33. Qd7+ Kh8 34. Qe7 Qc1+ 35. Kg2 Qf4 36. Qe5+ 1-0

[Event "AUS-ch reserves"]
[Site "Melbourne"]
[Date "2001.12.30"]
[Round "3"]
[White "Matelan, Anton"]
[Black "Kaplan, Rafael"]
[Result "0-1"]
[WhiteElo "1658"]
[BlackElo "1542"]
[PlyCount "115"]
[EventDate "2001.12.28"]
[EventType "swiss"]
[EventRounds "11"]
[EventCountry "AUS"]
[SourceTitle "EXT 2003"]
[Source "ChessBase"]
[SourceDate "2002.11.25"]
[SourceVersion "1"]
[SourceVersionDate "2002.11.25"]
[SourceQuality "1"]

1. e4 e5 2. Nf3 Nf6 3. Nxe5 d6 4. Nf3 Nxe4 5. Bc4 d5 6. Bb3 Be7 7. d4 Bg4 8. Qd3 Nc6 9. c3 0-0 10. Bc2 g6 11. Be3 Bg5 12. Nxg5 Nxg5 13. h4 Bf5 14. Qe2 Ne4 15. g4 Bd7 16. Na3 Nf6 17. f3 Re8 18. 0-0-0 Qc8 19. Rdg1 b5 20. Qd2 b4 21. cxb4 Nxb4 22. Bg5 Nxc2 23. Nxc2 Qa6 24. Bxf6 Qxf6 25. h5 Bb5 26. hxg6 fxg6 27. Qh6 Re7 28. f4 Rae8 29. f5 Bd3 30. Nb4 Qxd4 31. Nxd3 Qc4+ 32. Kb1 Qxd3+ 33. Kc1 Rf7 34. Rd1 Qc4+ 35. Kb1 Re2 36. Rc1 Qb4 37. Rc2 Rxc2 38. Kxc2 Re7 39. Kb1 Qxg4 40. fxg6 Qxg6+ 41. Qxg6+ hxg6 42. Kc2 Kg7 43. Rh3 c5 44. a3 g5 45. b4 cxb4 46. axb4 Kg6 47. Rd3 Rd7 48. Kc3 Kf5 49. Kd4 g4 50. b5 Kf4 51. Rb3 g3 52. b6 axb6 53. Rxb6 g2 54. Rg6 Kf3 55. Rf6+ Ke2 56. Rg6 Kf2 57. Rf6+ Kg1 58. Rg6 0-1